20 Best Geometry Dash Players (6/25) - Statistics

General Stats
  • This quiz has been taken 24 times
  • The average score is 11 of 20
Answer Stats
# Country Player % Correct
3 USA Trick
100%
2 USA wPopoff
100%
1 USA Zoink
100%
14 USA Doggie
94%
6 Portugal Taiago
71%
4 Ukraine SerVax
65%
7 USA Netermind
53%
17 Albania Diamond
47%
9 Russia Arshadow
41%
19 Russia Light
41%
15 Moldova loliklee
41%
12 Germany Mizukii
41%
18 Russia teraaa
41%
8 Russia A6
35%
20 Peru Abdieldevil
35%
13 USA Hqmy
35%
16 Russia Nickname09
35%
10 Russia ROZE
35%
11 Hungary Serpentical
29%
5 Russia w3rty
29%
No matching quizzes found
Score Distribution
Percent of People with Each Score
Percentile by Number Answered
Your Score History
You have not taken this quiz